banner-ar

THE BOOK OF BRITISH HUMOUR / (Record no. 15304)

MARC details
000 -الفاتح
حقل البيانات ثابتة الطول 00520nam a2200205Ia 4500
008 - عناصر البيانات ثابتة الطول - معلومات عامة
حقل البيانات ثابتة الطول 140319s9999 xx 000 0 eng d
040 ## - مصدر الفهرسة
وكالة الفهرسة الأصلية GCL /
وكالة النسخ GCL
082 04 - رقم تصنيف ديوى العشرى
رقم التصنيف 808.882
رقم المادة K B
100 1# - المدخل الرئيسى - إسم شخصى
الإسم الشخصى KING, JUDITH
245 10 - بيان العنوان
العنوان THE BOOK OF BRITISH HUMOUR /
بيان المسئوليه,etc KING, JUDITH
700 1# - المدخل الاضافى - اسم شخصى
الإسم الشخصى RONALD, RIDOUT
700 1# - المدخل الاضافى - اسم شخصى
الإسم الشخصى SWAN, D.K
260 ## - PUBLICATION, DISTRIBUTION, ETC. (IMPRINT)
تاريخ النشر أو التوزيع 1981
300 ## - الوصف المادى
التعداد 58 P
650 04 - المدخل الاضافى بالموضوع-مصطلح موضوعى
مصطلح موضوعي ENGLISH LITERATURE
650 04 - المدخل الاضافى بالموضوع-مصطلح موضوعى
مصطلح موضوعي ENGLISH JOKES
650 04 - المدخل الاضافى بالموضوع-مصطلح موضوعى
مصطلح موضوعي JOKES
942 ## - عناصر المدخل الإضافي( كوها)
مصدر التصنيف او مخطط الترفيف Dewey Decimal Classification
Koha [default] item type كتاب
260 ## - PUBLICATION, DISTRIBUTION, ETC. (IMPRINT)
-- [S.N] :
-- LONGMAN GROUP UK LIMITED ،
Holdings
حالة التراجع حالة الفقد حالة تلف ليس للاعارة المكان المؤقت الموقع الحالى تاريخ الاكتساب اجمالي اﻻعارات رقم الطلب الباركود تاريخ اخر مشاهدة تاريخ تفعيل السعر نوع وعاء كوها
        مكتبة القاهرة الكبرى مكتبة القاهرة الكبرى 03/26/2014   808.882\K B 28383 03/26/2014 03/26/2014 كتاب

Powered By

EGPV